| 000 | 00503nam a22002057a 4500 | ||
|---|---|---|---|
| 005 | 20250318153231.0 | ||
| 008 | 250318b |||||||| |||| 00| 0 eng d | ||
| 020 |
_a9788184876468 _c1350.00 |
||
| 040 | _aMAIN | ||
| 041 | _aEnglish | ||
| 082 |
_a547.2 _bAHL |
||
| 100 |
_aAhluwalia, V.K. _9309 |
||
| 245 | _aOrganic Reaction Mechanisms | ||
| 250 | _a5th | ||
| 260 |
_aNew Delhi _bNarosa _c2022 |
||
| 300 | _aV.P. | ||
| 650 | _aChemistry | ||
| 700 |
_aParashar, Rakesh Kumar _925384 |
||
| 942 | _cBK | ||
| 999 |
_c59491 _d59491 |
||